Alfabet NATO - Statystyki

Ogólne statystyki
  • Ten quiz został rozwiązany 1 576 razy
  • Średni wynik to 25 z 36
Statystyki odpowiedzi
Litera Hasło % Poprawnych
A Alfa
98%
B Bravo
93%
D Delta
93%
C Charlie
91%
E Echo
89%
F Foxtrot
85%
H Hotel
83%
G Golf
80%
K Kilo
80%
I India
79%
L Lima
78%
S Sierra
77%
X X-Ray
77%
N November
76%
Z Zulu
75%
P Papa
74%
R Romeo
73%
T Tango
72%
M Mike
70%
O Oscar
69%
Q Quebec
69%
U Uniform
67%
W Whiskey
66%
Y Yankee
65%
V Victor
63%
J Juliett
62%
1 One
50%
2 Two
50%
0 Zero
49%
5 Five
48%
4 Four
48%
7 Seven
48%
6 Six
48%
3 Three
48%
8 Eight
46%
9 Nine
46%
Nie znaleziono quizów pasujących do podanych kryteriów
Rozkład punktacji
Procent ludzi z każdym wynikiem
Percentyl według liczby udzielonych odpowiedzi
Twoja historia wyników
Nie rozwiązałeś tego quizu